The Egyptian Museum at the millennium : a special exhibition in honor of the VIIIth International Congress of Egyptologists, 28 March-3 April 2000, Cairo, Egypt /

Saved in:

Corporate Author: International Congress of Egyptologists Cairo, Egypt)

Other Authors: Sheikholeslami, Cynthia May.

Format: Conference Proceeding Book

Language: English

Published: Cairo : Supreme Council of Antiquities Press, Egyptian Museum, 2000.

Subjects:

Tags: Add Tag

No Tags, Be the first to tag this record!

Call Number: DT59 .C12 2000

LEADER 01008nam a2200253Ma 4500
001 10545
003 OSt
005 20260510123821.0
008 130303s2000 ua ae 000 0 eng d
040 |c ARCE Library 
043 |a f-ua--- 
050 4 |a DT59 .C12 2000 
111 2 |a International Congress of Egyptologists  |n (8th :  |d 2000 :  |c Cairo, Egypt) 
245 1 4 |a The Egyptian Museum at the millennium :  |b a special exhibition in honor of the VIIIth International Congress of Egyptologists, 28 March-3 April 2000, Cairo, Egypt /  |c Catalogue editor, Cynthia May Sheikholeslami. 
264 1 |a Cairo :   |b Supreme Council of Antiquities Press, Egyptian Museum,  |c 2000. 
300 |a 128 pages :   |b illustrations, plans ;   |c 23 cm. 
610 2 0 |a Matḥaf al-Miṣrī 
611 2 0 |a International Congress of Egyptologists. 
650 0 |a Excavations (Archaeology)  |z Egypt. 
651 0 |a Egypt   |x Antiquities   |v Exhibitions. 
700 1 |a Sheikholeslami, Cynthia May. 
901 |a reviewed 
942 |2 lcc  |c BK 
999 |c 13849  |d 13849